| Tag |
First Indicator |
Second Indicator |
Subfields |
| LEADER |
00000pam a2200000 4500 |
| 001 |
in00000280511 |
| 005 |
20151010071107.0 |
| 008 |
731130s1974 njua b 00110 eng |
| 010 |
|
|
|a 73013614
|
| 020 |
|
|
|a 0137810881
|c $10.95
|
| 035 |
|
|
|a (OCoLC)00695743
|
| 035 |
|
|
|9 ABE6769AM
|
| 040 |
|
|
|a DLC
|c DLC
|d TXA
|d UtOrBLW
|
| 049 |
|
|
|a TXAM
|c [1026034]
|
| 050 |
0 |
0 |
|a BF121
|b .L29
|
| 060 |
|
0 |
|a BF121 L431r 1974
|
| 082 |
0 |
|
|a 150
|
| 100 |
1 |
|
|a Lazarus, Richard S.
|
| 245 |
1 |
4 |
|a The riddle of man :
|b an introduction to psychology /
|c Richard S. Lazarus.
|
| 264 |
|
1 |
|a Englewood Cliffs, N.J. :
|b Prentice-Hall,
|c [1974]
|
| 264 |
|
4 |
|c ©1974
|
| 300 |
|
|
|a xii, 628 pages :
|b illustrations ;
|c 24 cm.
|
| 336 |
|
|
|a text
|b txt
|2 rdacontent
|
| 337 |
|
|
|a unmediated
|b n
|2 rdamedia
|
| 338 |
|
|
|a volume
|b nc
|2 rdacarrier
|
| 504 |
|
|
|a Bibliography: pages 605-615.
|
| 500 |
|
|
|a Includes index.
|
| 541 |
0 |
|
|a Donated by the estate of John Paul & Virginia Burns Abbott, June, 1996.
|
| 650 |
|
0 |
|a Psychology.
|
| 650 |
|
0 |
|a Social psychology.
|
| 650 |
|
2 |
|a Psychology.
|
| 999 |
|
|
|a MARS
|
| 999 |
f |
f |
|s 1c8215ac-81d5-386d-b4e4-8467976d1f58
|i eb7ebd60-781c-3ed3-9f9e-a71a2abc83df
|t 0
|
| 952 |
f |
f |
|p ric
|a Texas A&M University
|b Rellis Campus
|c Joint Library Facility
|d Remote Storage
|t 0
|e BF121 .L29
|h Library of Congress classification
|i unmediated -- volume
|m A14801661563
|
| 998 |
f |
f |
|a BF121 .L29
|t 0
|l Remote Storage
|